| 000 | 01104nam a2200325 a 4500 | ||
|---|---|---|---|
| 001 | 30240 | ||
| 003 | BD-RjUL | ||
| 005 | 20211209051532.0 | ||
| 008 | 141110r20101994riua 001 0 eng | ||
| 020 | _a9780821852149 | ||
| 020 | _a0821847996 (alk. paper) | ||
| 035 | _a(OCoLC)ocn268957379 | ||
| 035 | _a(BD-RjUL)30325 | ||
| 040 |
_aDLC _cDLC _dBTCTA _dYDXCP _dC#P _dBWX _dUKM _dDLC _beng |
||
| 041 | _aeng | ||
| 082 | 0 | 0 |
_a512 _222 _bISA 2010 |
| 100 | 1 |
_aIsaacs, I. Martin, _d1940- _9113851 |
|
| 245 | 1 | 0 |
_aAlgebra : _ba graduate course / _cI. Martin Isaacs. |
| 260 |
_aProvidence, R.I. : _bAmerican Mathematical Society, _cc1994 [reprint 2010] |
||
| 300 |
_axii, 516 p. : _bill. ; _c24 cm. |
||
| 490 | 1 |
_aGraduate studies in mathematics ; _vv. 100 |
|
| 500 | _aOriginally published: Pacific Grove, Calif. : Brooks/Cole, c1994. | ||
| 504 | _aIncludes bibliographical references and index. | ||
| 650 | 0 |
_aAlgebra _vTextbooks. _9113852 |
|
| 830 | 0 |
_vv. 100. _9113860 |
|
| 830 | 0 |
_aGraduate studies in mathematics ; _9113854 |
|
| 942 |
_2ddc _cBK |
||
| 999 |
_c30240 _d30240 |
||